[Event "USA tt"]
[Site "ICC INT"]
[Date "2013.10.31"]
[Round "10"]
[White "Getz, Alec S"]
[Black "Rodriguez, Eric"]
[Result "0-1"]
[WhiteElo "2340"]
[BlackElo "2303"]
[PlyCount "70"]
[EventDate "2013.08.27"]
[EventType "team-tourn"]
[EventRounds "10"]
[EventCountry "USA"]
[SourceTitle "EXT 2014"]
[Source "ChessBase"]
[SourceDate "2013.11.20"]
[SourceVersion "1"]
[SourceVersionDate "2013.11.20"]
[SourceQuality "1"]
[WhiteTeam "Dallas"]
[BlackTeam "Miami"]
[WhiteTeamCountry "USA"]
[BlackTeamCountry "USA"]

1. e4 e5 2. Nf3 Nc6 3. Bb5 a6 4. Bxc6 dxc6 5. 0-0 f6 6. d4 exd4 7. Nxd4 c5 8. Nb3 Qxd1 9. Rxd1 Bg4 10. f3 Be6 11. Bf4 c4 12. Nd4 0-0-0 13. Nc3 Bf7 14. Nd5 Bc5 15. Bxc7 Rxd5 16. exd5 Kxc7 17. Kf1 Bxd5 18. Nb3 Kd6 19. Na5 Ne7 20. Nxb7+ Kc6 21. Nxc5 Kxc5 22. Rd2 Rb8 23. b3 Bc6 24. Kf2 Nd5 25. Re1 c3 26. Rdd1 Kb4 27. a4 a5 28. Ra1 f5 29. g3 Bb7 30. h4 g6 31. Re5 Rd8 32. h5 Rd7 33. h6 Nc7 34. Rae1 Rd2+ 35. R1e2 Ba6 0-1

[Event "USA tt"]
[Site "ICC INT"]
[Date "2013.10.03"]
[Round "6"]
[White "Pruess, David"]
[Black "Rodriguez, Eric"]
[Result "0-1"]
[WhiteElo "2363"]
[BlackElo "2303"]
[PlyCount "128"]
[EventDate "2013.08.27"]
[EventType "team-tourn"]
[EventRounds "10"]
[EventCountry "USA"]
[SourceTitle "CBM 156 Extra"]
[Source "ChessBase"]
[SourceDate "2013.10.22"]
[SourceVersion "1"]
[SourceVersionDate "2013.10.22"]
[SourceQuality "1"]
[WhiteTeam "San Francisco"]
[BlackTeam "Miami"]
[WhiteTeamCountry "USA"]
[BlackTeamCountry "USA"]

1. e4 e5 2. Nf3 Nc6 3. Bb5 a6 4. Ba4 Nf6 5. 0-0 Be7 6. Re1 b5 7. Bb3 0-0 8. h3 Bb7 9. d3 d5 10. exd5 Nxd5 11. Nxe5 Nxe5 12. Rxe5 c5 13. Bxd5 Bxd5 14. Nc3 Bc6 15. Qg4 Bd6 16. Rg5 g6 17. Bf4 Bxf4 18. Qxf4 f5 19. Re1 Qd4 20. Qg3 Qf6 21. Re5 Kh8 22. Rxc5 Rae8 23. h4 Re1+ 24. Kh2 f4 25. Qg4 f3 26. gxf3 Rh1+ 27. Kxh1 Bxf3+ 28. Qxf3 Qxf3+ 29. Rg2 Qf4 30. Ne4 Qc1+ 31. Kh2 Qxb2 32. h5 gxh5 33. Rgg5 Qc1 34. Rxh5 Qf4+ 35. Kg2 Qf3+ 36. Kf1 Rg8 37. Rhg5 Qd1+ 38. Kg2 Rxg5+ 39. Nxg5 Qg4+ 40. Kf1 Qd1+ 41. Kg2 Qg4+ 42. Kf1 Qa4 43. Rc7 Qxa2 44. Rxh7+ Kg8 45. Rc7 Qa1+ 46. Kg2 a5 47. d4 Qd1 48. f4 Qg4+ 49. Kh1 a4 50. Ra7 Qd1+ 51. Kg2 Qxc2+ 52. Kg3 Qc6 53. Kg4 b4 54. f5 b3 55. f6 Qxf6 56. Rxa4 Qb6 57. Ne4 Qc6 58. Nc5 b2 59. Rb4 Qg6+ 60. Kf4 b1Q 61. Rxb1 Qxb1 62. Ke5 Kf7 63. d5 Qb2+ 64. Kf5 Qf2+ 0-1

[Event "USA tt"]
[Site "ICC INT"]
[Date "2013.09.18"]
[Round "4"]
[White "Rodriguez, Eric"]
[Black "Shmeliov, Denis"]
[Result "1-0"]
[WhiteElo "2303"]
[BlackElo "2417"]
[PlyCount "91"]
[EventDate "2013.08.27"]
[EventType "team-tourn"]
[EventRounds "10"]
[EventCountry "USA"]
[SourceTitle "CBM 156 Extra"]
[Source "ChessBase"]
[SourceDate "2013.10.22"]
[SourceVersion "1"]
[SourceVersionDate "2013.10.22"]
[SourceQuality "1"]
[WhiteTeam "Miami"]
[BlackTeam "Boston"]
[WhiteTeamCountry "USA"]
[BlackTeamCountry "USA"]

1. e4 c6 2. d4 d5 3. e5 Bf5 4. h4 h5 5. Bg5 Qb6 6. Bd3 Bxd3 7. Qxd3 e6 8. Nd2 Qa6 9. c4 Bb4 10. b3 Ne7 11. Bxe7 Bxe7 12. Ngf3 Nd7 13. Qc2 Nb6 14. 0-0 dxc4 15. bxc4 c5 16. d5 exd5 17. e6 Rf8 18. Ne5 f5 19. cxd5 0-0-0 20. Ng6 Rfe8 21. Nxe7+ Rxe7 22. d6 Rxe6 23. Qxc5+ Kd7 24. Qc7+ Ke8 25. Rfe1 Re2 26. Nc4 Qxc4 27. Qxc4 Nxc4 28. Rxe2+ Kf8 29. Re7 Nxd6 30. Rc7 a5 31. a4 b5 32. axb5 Nxb5 33. Rc5 Nd6 34. Raxa5 Rd7 35. Rd5 Ke7 36. f3 Ke6 37. Kh2 g6 38. Kg3 Rb7 39. Rd1 Rb6 40. Ra7 Kf6 41. Rd2 Rc6 42. Rda2 Rc3 43. R7a6 Rd3 44. Kf2 Ke5 45. Ke2 Rb3 46. f4+ 1-0

[Event "USA tt"]
[Site "ICC INT"]
[Date "2013.09.03"]
[Round "2"]
[White "Neimer, Vitaly"]
[Black "Rodriguez, Eric"]
[Result "0-1"]
[WhiteElo "2379"]
[BlackElo "2303"]
[PlyCount "62"]
[EventDate "2013.08.27"]
[EventType "team-tourn"]
[EventRounds "10"]
[EventCountry "USA"]
[SourceTitle "CBM 156 Extra"]
[Source "ChessBase"]
[SourceDate "2013.10.22"]
[SourceVersion "1"]
[SourceVersionDate "2013.10.22"]
[SourceQuality "1"]
[WhiteTeam "St Louis"]
[BlackTeam "Miami"]
[WhiteTeamCountry "USA"]
[BlackTeamCountry "USA"]

1. e4 e5 2. Nf3 Nc6 3. Bc4 Nf6 4. d3 Be7 5. 0-0 0-0 6. Re1 d6 7. a4 Kh8 8. c3 Ng8 9. b4 f5 10. h3 Qe8 11. b5 Nd8 12. Nbd2 Qg6 13. Kh1 Ne6 14. exf5 Rxf5 15. Ne4 Nf4 16. Ng3 Bd7 17. d4 Raf8 18. Bxg8 Kxg8 19. dxe5 Nxh3 20. Nxf5 Nxf2+ 21. Kg1 Nh3+ 22. Kf1 Bxf5 23. Re3 Bg5 24. Nxg5 Bd3+ 25. Ke1 Rf1+ 26. Kd2 Rxd1+ 27. Kxd1 Nxg5 28. Ra2 Qh5+ 29. Kd2 Bc4 30. exd6 cxd6 31. Rb2 h6 0-1

[Event "Quebec-ch op"]
[Site "Montreal"]
[Date "2013.07.26"]
[Round "7"]
[White "Chiku Ratte, Olivier Kenta"]
[Black "Rodriguez, Eric"]
[Result "0-1"]
[WhiteElo "2106"]
[BlackElo "2290"]
[PlyCount "122"]
[EventDate "2013.07.21"]
[EventType "swiss"]
[EventRounds "9"]
[EventCountry "CAN"]
[SourceTitle "EXT 2014"]
[Source "ChessBase"]
[SourceDate "2013.11.20"]
[SourceVersion "1"]
[SourceVersionDate "2013.11.20"]
[SourceQuality "1"]

1. d4 Nf6 2. c4 e6 3. Nf3 Bb4+ 4. Bd2 c5 5. Bxb4 cxb4 6. a3 Na6 7. Qa4 bxa3 8. Nxa3 0-0 9. e3 d6 10. b4 e5 11. Be2 Bd7 12. Qb3 Bg4 13. dxe5 dxe5 14. 0-0 Ne4 15. Qb2 Qb6 16. Rab1 Rad8 17. c5 Qe6 18. Rbd1 Nc7 19. h3 Bh5 20. Nc4 Rxd1 21. Rxd1 Bxf3 22. gxf3 Ng5 23. Qxe5 Qxc4 24. Kf1 Qxb4 25. Qxc7 Ne6 26. Qe7 a5 27. Bd3 g6 28. Rb1 Qc3 29. Be4 Nxc5 30. Kg2 a4 31. Bxb7 a3 32. Bd5 Kg7 33. e4 Qd4 34. Qa7 Ne6 35. Qxd4+ Nxd4 36. Ra1 Nc2 37. Ra2 Rc8 38. Bb3 Nd4 39. Bd5 Rc3 40. f4 Nc2 41. Kf1 Nb4 42. Ra1 Nd3 43. f5 Rc1+ 44. Rxc1 Nxc1 45. fxg6 Kxg6 46. f4 a2 47. Bxa2 Nxa2 48. Kf2 Kh5 49. Kg3 Nc3 50. e5 Kg6 51. Kg4 h5+ 52. Kh4 Ne2 53. f5+ Kxf5 54. Kxh5 Nf4+ 55. Kh4 Kxe5 56. Kg3 Nxh3 57. Kxh3 Kf4 58. Kg2 Ke3 59. Kf1 Kf3 60. Kg1 f5 61. Kf1 f4 0-1

[Event "Quebec-ch op"]
[Site "Montreal"]
[Date "2013.07.21"]
[Round "2"]
[White "Rodriguez, Eric"]
[Black "Bruzon Batista, Lazaro"]
[Result "0-1"]
[WhiteElo "2290"]
[BlackElo "2691"]
[PlyCount "58"]
[EventDate "2013.07.21"]
[EventType "swiss"]
[EventRounds "9"]
[EventCountry "CAN"]
[SourceTitle "EXT 2014"]
[Source "ChessBase"]
[SourceDate "2013.11.20"]
[SourceVersion "1"]
[SourceVersionDate "2013.11.20"]
[SourceQuality "1"]

1. e4 c5 2. c3 Nf6 3. e5 Nd5 4. d4 cxd4 5. Nf3 e6 6. cxd4 d6 7. Bc4 Be7 8. 0-0 0-0 9. Qe2 b6 10. Qe4 Ba6 11. b3 dxe5 12. dxe5 b5 13. Bd3 g6 14. Bh6 Re8 15. Nbd2 Nd7 16. Rac1 Nc5 17. Rxc5 Bxc5 18. Qg4 Nc3 19. Ne4 Be7 20. Bc2 Rc8 21. Nxc3 Rxc3 22. Be4 b4 23. Re1 Qb6 24. Bd2 Rc7 25. Ng5 Rd8 26. Qf3 Bf8 27. Be3 Qb5 28. Qh3 h6 29. Nxe6 Qe2 0-1

[Event "Quebec-ch op"]
[Site "Montreal"]
[Date "2013.07.21"]
[Round "1"]
[White "Rozentalis, Eduardas"]
[Black "Rodriguez, Eric"]
[Result "1/2-1/2"]
[WhiteElo "2619"]
[BlackElo "2290"]
[PlyCount "98"]
[EventDate "2013.07.21"]
[EventType "swiss"]
[EventRounds "9"]
[EventCountry "CAN"]
[SourceTitle "EXT 2014"]
[Source "ChessBase"]
[SourceDate "2013.11.20"]
[SourceVersion "1"]
[SourceVersionDate "2013.11.20"]
[SourceQuality "1"]

1. e4 e5 2. Nf3 Nc6 3. Bb5 a6 4. Bxc6 dxc6 5. d3 f6 6. Be3 Bg4 7. Nbd2 Qd7 8. h3 Be6 9. d4 exd4 10. Nxd4 Bf7 11. Qe2 c5 12. N4f3 0-0-0 13. 0-0 Qc6 14. c3 Ne7 15. b4 Ng6 16. bxc5 Bxc5 17. Nd4 Qa4 18. Nf5 Bf8 19. f4 Ne7 20. Nd4 Nc6 21. Rfb1 Na5 22. e5 fxe5 23. fxe5 Bd5 24. Rf1 Ba3 25. N4b3 Rhe8 26. Rf4 Qc6 27. c4 Nxb3 28. axb3 Bxg2 29. Qg4+ Kb8 30. Qxg2 Bc5 31. Bxc5 Qxc5+ 32. Qf2 Qxe5 33. Rf1 Qh5 34. Nf3 Qxh3 35. Qh2 Qe6 36. Kh1 h6 37. Ng1 Rd7 38. Qg3 g5 39. Rf8 Qe4+ 40. Qg2 Qh4+ 41. Qh2 Qe4+ 42. Qg2 Qh4+ 43. Qh2 Qxh2+ 44. Kxh2 Rxf8 45. Rxf8+ Ka7 46. Nf3 Rd3 47. b4 Rb3 48. Rf7 Rxb4 49. Rxc7 Kb8 1/2-1/2

[Event "USA tt"]
[Site "ICC INT"]
[Date "2012.10.24"]
[Round "8"]
[White "Adamson, Robby"]
[Black "Rodriguez, Eric"]
[Result "1-0"]
[WhiteElo "2308"]
[BlackElo "2289"]
[PlyCount "63"]
[EventDate "2012.09.04"]
[EventType "team-tourn"]
[EventRounds "10"]
[EventCountry "USA"]
[SourceTitle "EXT 2013"]
[Source "ChessBase"]
[SourceDate "2012.11.22"]
[SourceVersion "1"]
[SourceVersionDate "2012.11.22"]
[SourceQuality "1"]
[WhiteTeam "Arizona"]
[BlackTeam "Miami"]
[WhiteTeamCountry "USA"]
[BlackTeamCountry "USA"]

1. Nf3 Nf6 2. c4 e6 3. b3 d5 4. Bb2 Be7 5. g3 0-0 6. Bg2 a5 7. Nc3 c6 8. 0-0 Bd7 9. Qc2 b5 10. d4 a4 11. Ne5 Be8 12. Rad1 Ra6 13. e4 a3 14. Bc1 b4 15. Na4 Rxa4 16. bxa4 Nxe4 17. Bxe4 dxe4 18. Qxe4 Qa5 19. Rfe1 c5 20. Qb7 Bd6 21. d5 Bxa4 22. Rd2 b3 23. axb3 a2 24. b4 a1Q 25. bxa5 Bxe5 26. Rde2 Bc3 27. Bb2 Qxe1+ 28. Rxe1 Bxe1 29. a6 Nxa6 30. Qxa6 exd5 31. Qxa4 d4 32. Ba3 1-0

[Event "USA tt"]
[Site "ICC INT"]
[Date "2012.09.17"]
[Round "3"]
[White "Getz, Alec S"]
[Black "Rodriguez, Eric"]
[Result "1/2-1/2"]
[WhiteElo "2341"]
[BlackElo "2289"]
[PlyCount "76"]
[EventDate "2012.09.04"]
[EventType "team-tourn"]
[EventRounds "10"]
[EventCountry "USA"]
[SourceTitle "CBM 150 Extra"]
[Source "ChessBase"]
[SourceDate "2012.10.19"]
[SourceVersion "1"]
[SourceVersionDate "2012.10.19"]
[SourceQuality "1"]
[WhiteTeam "Dallas"]
[BlackTeam "Miami"]
[WhiteTeamCountry "USA"]
[BlackTeamCountry "USA"]

1. e4 c5 2. Nf3 Nc6 3. d4 cxd4 4. Nxd4 Nf6 5. Nc3 e5 6. Ndb5 d6 7. Bg5 a6 8. Na3 b5 9. Nd5 Be7 10. Bxf6 Bxf6 11. c3 0-0 12. Nc2 Rb8 13. Ncb4 Nxb4 14. Nxb4 Bb7 15. Nd5 Bg5 16. Be2 Qd7 17. Qd3 b4 18. 0-0 Bxd5 19. Qxd5 bxc3 20. bxc3 Rb2 21. Bxa6 Rd2 22. Qb7 Qg4 23. Bc4 Be3 24. Rab1 g6 25. Rb2 Rxb2 26. Qxb2 Bc5 27. Bd5 Kg7 28. h3 Qf4 29. Qe2 f5 30. a4 Kh6 31. a5 Qg3 32. Qf3 Qxf3 33. gxf3 Rb8 34. Ra1 Rb2 35. Ra2 Bxf2+ 36. Kf1 Rxa2 37. Bxa2 Bc5 38. Bg8 Kg7 1/2-1/2

[Event "USA tt"]
[Site "ICC INT"]
[Date "2012.09.12"]
[Round "2"]
[White "Vilenchuk, Michael"]
[Black "Rodriguez, Eric"]
[Result "1-0"]
[WhiteElo "2222"]
[BlackElo "2289"]
[PlyCount "111"]
[EventDate "2012.09.04"]
[EventType "team-tourn"]
[EventRounds "10"]
[EventCountry "USA"]
[SourceTitle "CBM 150 Extra"]
[Source "ChessBase"]
[SourceDate "2012.10.19"]
[SourceVersion "1"]
[SourceVersionDate "2012.10.19"]
[SourceQuality "1"]
[WhiteTeam "Boston"]
[BlackTeam "Miami"]
[WhiteTeamCountry "USA"]
[BlackTeamCountry "USA"]

1. e4 c5 2. Nf3 Nc6 3. Nc3 e6 4. g3 d5 5. d3 Nf6 6. Bg2 Be7 7. 0-0 0-0 8. h3 a6 9. Kh2 d4 10. Ne2 e5 11. Ne1 Ne8 12. f4 f6 13. f5 Nd6 14. g4 b5 15. Ng3 c4 16. h4 Nf7 17. Bh3 a5 18. Qe2 Ra7 19. Rg1 Kh8 20. Nh5 Rg8 21. dxc4 bxc4 22. Qxc4 Qe8 23. Qe2 Ba6 24. Qf3 d3 25. cxd3 Nd4 26. Qd1 Qd8 27. Be3 Rd7 28. Rc1 Bb5 29. Rg2 a4 30. Kh1 Nc6 31. Qf3 Nd4 32. Qf2 Rd6 33. Rc3 Qe8 34. a3 Bd8 35. Rc5 Bb6 36. Rc1 Nb3 37. Rd1 Bxe3 38. Qxe3 Nd8 39. Ng3 Nc6 40. g5 Qd7 41. Nh5 Qe8 42. Qf3 Ncd4 43. Qg4 Bd7 44. gxf6 gxf6 45. Qxg8+ Qxg8 46. Rxg8+ Kxg8 47. Bg4 Rc6 48. Nf3 Nxf3 49. Bxf3 Be8 50. Rg1+ Kf8 51. Ng7 Bf7 52. Bd1 Nc5 53. h5 Nxd3 54. Bxa4 Rc4 55. Bb5 Rxe4 56. Bxd3 1-0

[Event "USA tt"]
[Site "ICC INT"]
[Date "2012.09.05"]
[Round "1"]
[White "Rodriguez, Eric"]
[Black "Eckert, Doug D"]
[Result "1-0"]
[WhiteElo "2289"]
[BlackElo "2247"]
[PlyCount "93"]
[EventDate "2012.09.04"]
[EventType "team-tourn"]
[EventRounds "10"]
[EventCountry "USA"]
[SourceTitle "CBM 150 Extra"]
[Source "ChessBase"]
[SourceDate "2012.10.19"]
[SourceVersion "1"]
[SourceVersionDate "2012.10.19"]
[SourceQuality "1"]
[WhiteTeam "Miami"]
[BlackTeam "St Louis"]
[WhiteTeamCountry "USA"]
[BlackTeamCountry "USA"]

1. e4 c5 2. Nf3 d6 3. d4 cxd4 4. Nxd4 Nf6 5. Nc3 e6 6. g4 h6 7. h3 Nc6 8. Bg2 Bd7 9. Nde2 a6 10. a4 Be7 11. 0-0 g5 12. Ng3 Qa5 13. Bd2 Qc7 14. a5 Ne5 15. b3 Rc8 16. Rc1 Ng6 17. Nce2 Bc6 18. c4 Nh4 19. Nc3 b6 20. Nd5 Qb7 21. Nxe7 Kxe7 22. f3 b5 23. Be3 Nd7 24. Bd4 e5 25. Be3 bxc4 26. bxc4 Qb4 27. Rf2 Ba4 28. Qf1 Nc5 29. Bd2 Qb7 30. Rb1 Qc7 31. Bb4 Rb8 32. Rfb2 Rb7 33. Kh2 Rhb8 34. Qe2 Bd7 35. Qd2 Bc8 36. Nf5+ Bxf5 37. gxf5 Qc6 38. Bh1 Rd7 39. Kg3 Rc8 40. Ba3 Qa4 41. Qc3 f6 42. Rb6 Rc6 43. Rb8 Rd8 44. R8b4 Rdc8 45. Rxa4 Nxa4 46. Rb7+ Ke8 47. Qd2 1-0

[Event "Barcelona Sant Marti op-A 14th"]
[Site "Barcelona"]
[Date "2012.07.21"]
[Round "9"]
[White "Rodriguez, Eric"]
[Black "Hernandez Moya, Yuleisis"]
[Result "1/2-1/2"]
[WhiteElo "2327"]
[BlackElo "2177"]
[PlyCount "23"]
[EventDate "2012.07.13"]
[EventType "swiss"]
[EventRounds "9"]
[EventCountry "ESP"]
[SourceTitle "CBM 149 Extra"]
[Source "ChessBase"]
[SourceDate "2012.08.24"]
[SourceVersion "1"]
[SourceVersionDate "2012.08.24"]
[SourceQuality "1"]

1. Nf3 f5 2. d4 Nf6 3. Bg5 e6 4. Nbd2 Be7 5. Bxf6 Bxf6 6. e4 fxe4 7. Nxe4 0-0 8. Bd3 b6 9. Qe2 Bb7 10. 0-0-0 a5 11. Kb1 c5 12. c3 1/2-1/2

[Event "Barcelona Sant Marti op-A 14th"]
[Site "Barcelona"]
[Date "2012.07.16"]
[Round "4"]
[White "Panelo Munoz, Marcelo A"]
[Black "Rodriguez, Eric"]
[Result "1-0"]
[WhiteElo "2452"]
[BlackElo "2327"]
[PlyCount "99"]
[EventDate "2012.07.13"]
[EventType "swiss"]
[EventRounds "9"]
[EventCountry "ESP"]
[SourceTitle "CBM 149 Extra"]
[Source "ChessBase"]
[SourceDate "2012.08.24"]
[SourceVersion "1"]
[SourceVersionDate "2012.08.24"]
[SourceQuality "1"]

1. d4 Nf6 2. c4 c5 3. d5 b5 4. cxb5 a6 5. bxa6 g6 6. Nc3 Bxa6 7. e4 Bxf1 8. Kxf1 d6 9. Nf3 Bg7 10. g3 0-0 11. Kg2 Nbd7 12. a4 Qb6 13. Qe2 Qb4 14. Bd2 Rfb8 15. Rhb1 Qb3 16. Ra3 Qb4 17. h3 Nb6 18. e5 Ne8 19. a5 Rxa5 20. exd6 exd6 21. Ng5 h6 22. Nxf7 Kh7 23. Ne4 Qb5 24. Qxb5 Rxb5 25. Nfxd6 Rxb2 26. Rxb2 Bxb2 27. Rb3 Nxd6 28. Nxd6 Be5 29. Bf4 Bxf4 30. gxf4 Kg7 31. Rb5 Nd7 32. Ra5 Rb6 33. Nc4 Rf6 34. Kg3 Kf8 35. Ra8+ Kf7 36. Ra7 Ke8 37. h4 Kd8 38. Kg4 Rf7 39. Ra8+ Ke7 40. Kg3 Rf5 41. Ra7 Kd8 42. d6 Nf6 43. f3 Nh5+ 44. Kf2 Rd5 45. Ra8+ Kd7 46. Nb6+ Kxd6 47. Rd8+ Kc7 48. Rxd5 Kxb6 49. Rd6+ Kb5 50. Ke3 1-0

[Event "Northern California op"]
[Site "Fremont"]
[Date "2012.01.06"]
[Round "7"]
[White "Rodriguez, Eric"]
[Black "Xiong, Jeffery"]
[Result "0-1"]
[WhiteElo "2352"]
[BlackElo "2097"]
[PlyCount "85"]
[EventDate "2012.01.02"]
[EventType "swiss"]
[EventRounds "9"]
[EventCountry "USA"]
[SourceTitle "CBM 146 Extra"]
[Source "ChessBase"]
[SourceDate "2012.02.29"]
[SourceVersion "1"]
[SourceVersionDate "2012.02.29"]
[SourceQuality "1"]

1. e4 c5 2. d4 cxd4 3. c3 Nf6 4. e5 Nd5 5. Nf3 Nc6 6. cxd4 d6 7. Bc4 Nb6 8. Bb3 d5 9. Nh4 e6 10. Nf3 Be7 11. 0-0 Bd7 12. Re1 Rc8 13. Nc3 Na5 14. Bc2 Nbc4 15. Bd3 g5 16. Rf1 h5 17. b3 Na3 18. Bd2 g4 19. Ne1 Qb6 20. Ne2 Nc6 21. Rc1 Kd8 22. Be3 Kc7 23. Nc3 Kb8 24. Na4 Qd8 25. Nc5 Nb4 26. Qd2 Nxd3 27. Nexd3 Bb5 28. Rfd1 Bxd3 29. Nxd3 Qb6 30. Nc5 Qb5 31. Bg5 Bxc5 32. dxc5 Rc7 33. Qb2 Qa6 34. Ra1 b5 35. Bd2 Rxc5 36. Bb4 Rc2 37. Qxa3 Qb6 38. Rf1 g3 39. hxg3 h4 40. Ba5 Qd4 41. Rac1 hxg3 42. Qd6+ Ka8 43. Rxc2 0-1

[Event "Northern California op"]
[Site "Fremont"]
[Date "2012.01.03"]
[Round "3"]
[White "Rodriguez, Eric"]
[Black "Manvelyan, Hayk"]
[Result "1-0"]
[WhiteElo "2352"]
[BlackElo "2202"]
[PlyCount "67"]
[EventDate "2012.01.02"]
[EventType "swiss"]
[EventRounds "9"]
[EventCountry "USA"]
[SourceTitle "CBM 146 Extra"]
[Source "ChessBase"]
[SourceDate "2012.02.29"]
[SourceVersion "1"]
[SourceVersionDate "2012.02.29"]
[SourceQuality "1"]

1. e4 e6 2. d4 d5 3. Nc3 Bb4 4. e5 b6 5. Qg4 Bf8 6. Bb5+ c6 7. Bd3 Ba6 8. Nf3 Bxd3 9. cxd3 Ne7 10. Bg5 h6 11. Bxe7 Qxe7 12. h4 Qb4 13. 0-0-0 Nd7 14. h5 c5 15. Rhe1 Rc8 16. Nxd5 exd5 17. e6 fxe6 18. Qxe6+ Kd8 19. Ne5 cxd4+ 20. Kb1 Nxe5 21. Rxe5 Rc5 22. Qe8+ Kc7 23. Rf5 Kb7 24. Rf7+ Ka6 25. Qb8 Be7 26. Qxh8 Rb5 27. Qc8+ Ka5 28. Qc2 a6 29. Rxg7 Bg5 30. Rc7 Rc5 31. Rxc5+ bxc5 32. Qb3 Qxb3 33. axb3 Kb4 34. Kc2 1-0

[Event "USA tt"]
[Site "ICC INT"]
[Date "2011.10.31"]
[Round "10"]
[White "Rodriguez, Eric"]
[Black "Sadorra, Julio Catalino"]
[Result "0-1"]
[WhiteElo "2337"]
[BlackElo "2490"]
[PlyCount "108"]
[EventDate "2011.08.29"]
[EventType "team-tourn"]
[EventRounds "10"]
[EventCountry "USA"]
[SourceTitle "EXT 2012"]
[Source "ChessBase"]
[SourceDate "2011.11.24"]
[SourceVersion "1"]
[SourceVersionDate "2011.11.24"]
[SourceQuality "1"]
[WhiteTeam "Miami"]
[BlackTeam "Dallas Destiny"]
[WhiteTeamCountry "USA"]
[BlackTeamCountry "USA"]

1. e4 e6 2. d4 d5 3. Nc3 Bb4 4. e5 Ne7 5. Qg4 Ng6 6. h4 h5 7. Qg3 c5 8. a3 Bxc3+ 9. bxc3 Qa5 10. Bd2 Nc6 11. Bd3 Nce7 12. dxc5 b6 13. cxb6 Qxb6 14. Nf3 Ba6 15. Nd4 Bxd3 16. cxd3 Qb8 17. f4 Qb2 18. Rd1 Qxa3 19. 0-0 Nf5 20. Nxf5 exf5 21. e6 Qe7 22. exf7+ Kxf7 23. Qf3 Qd7 24. Be1 a5 25. Bf2 a4 26. g3 Ne7 27. Bc5 Nc6 28. c4 Ra5 29. Bb6 Ra6 30. Bc5 Ra5 31. Bb6 Ra6 32. Rb1 a3 33. cxd5 a2 34. Rbc1 Ne7 35. Bd4 Qxd5 36. Qxd5+ Nxd5 37. Ba1 Ra5 38. Rf2 Rb8 39. Rfc2 Rb3 40. Rd2 Rb1 41. Rdd1 Rab5 42. Kf2 Rxc1 43. Rxc1 Rb1 44. Rf1 Nb4 45. Ke2 Nc2 46. Bc3 Rxf1 47. Kxf1 a1Q+ 48. Bxa1 Nxa1 49. Ke2 Nb3 50. Ke3 Ke6 51. d4 Kd5 52. Kf3 Kxd4 53. Kg2 Ke3 54. Kh3 Kf3 0-1

[Event "USA tt"]
[Site "ICC INT"]
[Date "2011.09.19"]
[Round "4"]
[White "Kraai, Jesse"]
[Black "Rodriguez, Eric"]
[Result "1-0"]
[WhiteElo "2514"]
[BlackElo "2337"]
[PlyCount "95"]
[EventDate "2011.08.29"]
[EventType "team-tourn"]
[EventRounds "10"]
[EventCountry "USA"]
[SourceTitle "CBM 144 Extra"]
[Source "ChessBase"]
[SourceDate "2011.10.28"]
[SourceVersion "1"]
[SourceVersionDate "2011.10.28"]
[SourceQuality "1"]
[WhiteTeam "San Francisco"]
[BlackTeam "Miami"]
[WhiteTeamCountry "USA"]
[BlackTeamCountry "USA"]

1. c4 c5 2. Nc3 Nc6 3. Nf3 g6 4. e3 Bg7 5. d4 d6 6. Be2 Nf6 7. 0-0 0-0 8. d5 Na5 9. Bd2 a6 10. b3 b5 11. Rc1 Bd7 12. Qc2 Rb8 13. e4 bxc4 14. bxc4 Qc7 15. Nd1 Ng4 16. Ne1 Nh6 17. f4 Ng4 18. Bxg4 Bxg4 19. Qa4 Bxd1 20. Rxd1 Nb7 21. Qc6 Rfc8 22. Qxc7 Rxc7 23. Rb1 Bd4+ 24. Kh1 Rcc8 25. Rf3 Nd8 26. Rfb3 Ra8 27. g4 f6 28. Nf3 Kf8 29. Kg2 Ke8 30. h4 a5 31. a4 Ra7 32. Rb6 Rca8 33. g5 Kd7 34. gxf6 exf6 35. h5 Kc7 36. hxg6 hxg6 37. Nh4 g5 38. Nf5 Rb7 39. Rxb7+ Nxb7 40. Rh1 gxf4 41. Rh7+ Kb6 42. Bxf4 Be5 43. Kf3 Rg8 44. Ne7 Rg1 45. Nc8+ Ka6 46. Bxe5 fxe5 47. Rc7 Nd8 48. Ra7# 1-0

[Event "USA tt"]
[Site "ICC INT"]
[Date "2011.09.12"]
[Round "3"]
[White "Rodriguez, Eric"]
[Black "Mikhailuk, Slava"]
[Result "1-0"]
[WhiteElo "2337"]
[BlackElo "2424"]
[PlyCount "67"]
[EventDate "2011.08.29"]
[EventType "team-tourn"]
[EventRounds "10"]
[EventCountry "USA"]
[SourceTitle "CBM 144 Extra"]
[Source "ChessBase"]
[SourceDate "2011.10.28"]
[SourceVersion "1"]
[SourceVersionDate "2011.10.28"]
[SourceQuality "1"]
[WhiteTeam "Miami"]
[BlackTeam "Seattle"]
[WhiteTeamCountry "USA"]
[BlackTeamCountry "USA"]

1. d4 d5 2. c4 Nc6 3. Nc3 dxc4 4. Nf3 e6 5. e4 Nf6 6. Bxc4 Bb4 7. Bd3 Ba5 8. h3 Bb6 9. e5 Nd5 10. Be4 h6 11. a3 Nce7 12. Qc2 Nxc3 13. bxc3 c5 14. 0-0 Qc7 15. a4 Bd7 16. Ba3 cxd4 17. Bd6 Qc8 18. a5 Bd8 19. a6 Bc6 20. cxd4 Bxe4 21. Qxe4 Qc6 22. Qg4 0-0 23. Rfc1 Qd7 24. Qe4 Nd5 25. Bxf8 Kxf8 26. axb7 Qxb7 27. Rab1 Qd7 28. Nd2 Be7 29. Qh7 Ke8 30. Qxg7 Bf8 31. Qh8 Rc8 32. Ne4 Rxc1+ 33. Rxc1 Ke7 34. Nd6 1-0

[Event "Chicago op 19th"]
[Site "Wheeling"]
[Date "2010.05.30"]
[Round "6"]
[White "Stocek, Jiri"]
[Black "Rodriguez, Eric"]
[Result "1-0"]
[WhiteElo "2593"]
[BlackElo "2315"]
[PlyCount "87"]
[EventDate "2010.05.27"]
[EventType "swiss"]
[EventRounds "9"]
[EventCountry "USA"]
[SourceTitle "CBM 136 Extra"]
[Source "ChessBase"]
[SourceDate "2010.07.02"]
[SourceVersion "2"]
[SourceVersionDate "2010.07.15"]
[SourceQuality "1"]

1. d4 Nf6 2. c4 c5 3. d5 b5 4. Nf3 Bb7 5. Qc2 Na6 6. Nc3 Nb4 7. Qd1 bxc4 8. e4 Nd3+ 9. Bxd3 cxd3 10. 0-0 c4 11. b3 Qa5 12. Bd2 Ba6 13. Ne5 e6 14. Nxc4 Qc7 15. Re1 Bxc4 16. bxc4 Qxc4 17. a4 Be7 18. d6 Bd8 19. Rc1 0-0 20. Qf3 Rb8 21. h3 Rb3 22. a5 Bxa5 23. e5 Bxc3 24. exf6 Qd4 25. Rxc3 Rxc3 26. Re4 Qc5 27. Qg3 g6 28. Qf4 g5 29. Qg3 Kh8 30. Re5 Qd4 31. Rxg5 Rc4 32. Qf3 Qa1+ 33. Kh2 Qd4 34. Rg7 Qe5+ 35. g3 Qf5 36. Rxf7 Rg8 37. Kg2 Qxf3+ 38. Kxf3 Rc5 39. Rxd7 Rf5+ 40. Ke3 Rc8 41. Rc7 Rd8 42. Bc3 Kg8 43. Rg7+ Kf8 44. Rxh7 1-0

[Event "USA tt sf"]
[Site "ICC INT"]
[Date "2009.11.18"]
[Round "1"]
[White "Rodriguez, Eric"]
[Black "Liou, Yian"]
[Result "1-0"]
[WhiteElo "2245"]
[BlackElo "2134"]
[PlyCount "65"]
[EventDate "2009.08.31"]
[EventType "team-match"]
[EventRounds "1"]
[EventCountry "USA"]
[SourceTitle "EXT 2010"]
[Source "ChessBase"]
[SourceDate "2010.11.25"]
[SourceVersion "1"]
[SourceVersionDate "2010.11.25"]
[SourceQuality "1"]

1. d4 f5 2. c4 Nf6 3. Nc3 d6 4. Bg5 Nbd7 5. Qc2 g6 6. h4 h6 7. Bd2 e5 8. dxe5 Nxe5 9. 0-0-0 Be6 10. Nh3 Qd7 11. b3 0-0-0 12. Nf4 Bf7 13. f3 Bg7 14. e3 g5 15. hxg5 hxg5 16. Rxh8 Bxh8 17. Nd3 Bg6 18. Nxe5 dxe5 19. g4 Qh7 20. gxf5 Bxf5 21. e4 Bd7 22. Bxg5 Qh5 23. Qd2 c6 24. Be2 Qf7 25. Qe3 b6 26. c5 b5 27. Rd6 Rg8 28. Bxb5 cxb5 29. c6 Bh3 30. Nxb5 a6 31. Rxf6 Qxf6 32. Bxf6 Bxf6 33. Qa7 1-0